000 01471cab a2200421 4500
001 ABS58699
008 090401t1998 xxu||||| |||| 00| 0 eng d
035 _a(Sirsi) u86637
041 _aeng
245 _aSupplement: Retail
260 _c1998
350 _a0
490 _aProperty Week Supplement
_v36(6) 22 May 1998, (40)
520 _aFeatures on the retail market, including changing trends in food retailing, the Trafford Shopping Centre, consulting shopping centre tenants on redevelopment, zoning, Mayfair shops, leisure use in new urban retail schemes, planning policy, top 50 towns for shopping demand, and the idea of trade parks replacing retail warehouses.
650 _aDEMAND
650 _aFOOD RETAILING
650 _aFOOD STORES
650 _aHOSPITALS
650 _aLEISURE MARKET
650 _aMAYFAIR
650 _aOUT-OF-TOWN RETAILING
650 _aPLANNING POLICY GUIDANCE NOTE 13
650 _aPLANNING POLICY GUIDANCE NOTE SIX
650 _aRENTAL LEVELS
650 _aRENTAL PERFORMANCE
650 _aPROPERTY-COMMERCIAL PROPERTY-RETAIL PROPERTY-RETAIL PROPERTY MARKET
650 _aRETAIL WAREHOUSING
650 _aSAFEWAY STORES PLC
650 _aSHOPPING CENTRE RENTS
650 _aSHOPPING CENTRES
650 _aSHOPPING
650 _aTRADE PARKS
650 _aTRAFFORD CENTRE
650 _aZONING
690 _aPROPERTY-COMMERCIAL PROPERTY-RETAIL PROPERTY
942 _n0
948 _c08/06/1998
999 _c54556
_d54556